000 00245nam a2200109Ia 4500
005 20251222144713.0
008 251222s9999||||xx |||||||||||||| ||spa||
082 _a759.46/S14
245 0 _aManuel Sáez
264 _bGrupo Cruzcampo
942 _cLIB
999 _c17897
_d17897